000 00648nam a2200277Ia 4500
005 20260324150956.0
008 008 260324s9999 xx 000 0 eng d
020 _a9781315009025
037 _aEBOOK
040 _aCRL
040 _beng
040 _cCRL
041 _2eng
041 _aeng
084 _qCRL
100 _a Stekel, W
_91228284
245 0 _aConditions Of Nervous Anxiety And Their Treatment
260 _bTaylor and Francis
260 _c1923
365 _a
365 _b130
856 _uhttp://www.taylorfrancis.com/books/9781315009025
942 _cEBOOK
999 _c1838638
_d1838638